000 00589nai a2200181Ia 4500
003 IN-BaIIA
008 211028c9999 xx s 000 0 eng d
022 _a0022-3042 (Print)
022 _a1471-4159 (Online)
040 _cIIA Library
245 0 _aJournal of Neurochemistry
_h[eJournal]
260 _aNew Jersey
_bJohn Wiley & Sons
310 _aSemi-monthly
362 _a68(1); 1997 - Present
521 _bSubscribed through National Knowledge Resource Consortium (NKRC)
856 _uhttps://onlinelibrary.wiley.com/journal/14714159
_yClick Here to Access eJournal
942 _cEJ
999 _c35154
_d35154